Govt. of
Madhya Pradesh

Master The NCRT For NEET UG Biology Volume 2 (Record no. 67065)

MARC details
000 -LEADER
fixed length control field 00483nam a22001697a 4500
003 - CONTROL NUMBER IDENTIFIER
control field MACL
005 - DATE AND TIME OF LATEST TRANSACTION
control field 20241018154436.0
008 - FIXED-LENGTH DATA ELEMENTS--GENERAL INFORMATION
fixed length control field 241018b |||||||| |||| 00| 0 eng d
040 ## - CATALOGING SOURCE
Transcribing agency MACL
082 ## - DEWEY DECIMAL CLASSIFICATION NUMBER
Classification number 570
100 ## - MAIN ENTRY--PERSONAL NAME
Personal name Sharma Sanjay
9 (RLIN) 34303
245 ## - TITLE STATEMENT
Title Master The NCRT For NEET UG Biology Volume 2
260 ## - PUBLICATION, DISTRIBUTION, ETC. (IMPRINT)
Place of publication, distribution, etc. New Delhi
Name of publisher, distributor, etc. Arihant Publication
Date of publication, distribution, etc. 2024
440 ## - SERIES STATEMENT/ADDED ENTRY--TITLE
Title Master The NCRT For NEET UG Biology Volume
9 (RLIN) 82524
600 ## - SUBJECT ADDED ENTRY--PERSONAL NAME
Personal name Sharma Sanjay
9 (RLIN) 34303
942 ## - ADDED ENTRY ELEMENTS (KOHA)
Source of classification or shelving scheme
Koha item type Competitive Books
Holdings
Withdrawn status Lost status Source of classification or shelving scheme Damaged status Not for loan Home library Current library Date acquired Cost, normal purchase price Total Checkouts Full call number Barcode Date last seen Date last checked out Price effective from Koha item type
          MACL MACL 18/10/2024 450.00 4 570 DPI002325 15/01/2026 26/12/2025 18/10/2024 Competitive Books